000 00546nam a22001817a 4500
003 UA-OsUOA
001 18181
007 ta
008 20040422b un ||||| |||| 00| 0 ukr d
100 _aПогонська В.
942 _cSA
040 _aUA-OsUOA
_cUA-OsUOA
_dUA-OsUOA
245 _aЗнаходили порозуміння
_b[18- сесія Рівнен. міської ради]
300 _aС.3
955 _a0
773 0 _w0
_tСім днів
_dРівне
_d2004
_g№14/ 2 квіт./
650 7 _aКраєзнавча робота
_2UDC
999 _c304351
_d304351